| 000 | 00714nam a22002057a 4500 | ||
|---|---|---|---|
| 999 |
_c182535 _d182535 |
||
| 005 | 20220216153345.0 | ||
| 010 | _aENG-130115 | ||
| 020 | _c180.00 | ||
| 035 | _aEN-113647 | ||
| 037 | _bDBAD/PUB | ||
| 082 | _a915.04546 | ||
| 100 | _aGhate, VijayKumar G. | ||
| 245 |
_aIncredible Journey: _bFrom Here to Eternity/ _cVijay Kumar G. Ghate, English Version By Vijay Deodhar |
||
| 250 | _a2020 | ||
| 260 |
_aPune _bVijay Gangadhar Deodhar _c2020 |
||
| 270 |
_aGaurishankar, 14 Govardhan Sosayati,Veer Savarakar Nagar, Near Jawahar Highschool _bPune _e411037 _k8308805895 _mdeodharvg43@gmail.com |
||
| 300 |
_a142p. _c22cm (pbk) |
||
| 700 | _aDeodhar, Vijay | ||
| 942 |
_2ddc _cEN _h915.04546 _mGHA |
||